000 00460nam a2200169Ia 4500
005 20250320083757.0
008 231217s9999 xx 000 0 und d
020 _a9788173716119
082 _a001.6424C HOR;1 R
100 _aHorowitz, Ellis. Sahni, Sartaj. Rajasekaran, Sanguthevar.
245 0 _aComputer algorithms C++
250 _a2nd ed.
260 _cNULL
_bInversities Press
_aUSA
300 _axxi+774
650 _aComputer,C++
942 _cAA
999 _c183718
_d183718